<?xml version="1.0" encoding="UTF-8"?><?xml-stylesheet type="text/xsl" href="static/style.xsl"?><OAI-PMH xmlns="http://www.openarchives.org/OAI/2.0/" xmlns:xsi="http://www.w3.org/2001/XMLSchema-instance" xsi:schemaLocation="http://www.openarchives.org/OAI/2.0/ http://www.openarchives.org/OAI/2.0/OAI-PMH.xsd"><responseDate>2026-04-17T15:02:45Z</responseDate><request verb="GetRecord" identifier="oai:www.recercat.cat:2099.1/26394" metadataPrefix="marc">https://recercat.cat/oai/request</request><GetRecord><record><header><identifier>oai:recercat.cat:2099.1/26394</identifier><datestamp>2026-03-16T07:34:28Z</datestamp><setSpec>com_2072_1033</setSpec><setSpec>col_2072_452951</setSpec></header><metadata><record xmlns="http://www.loc.gov/MARC21/slim" xmlns:dcterms="http://purl.org/dc/terms/" xmlns:xsi="http://www.w3.org/2001/XMLSchema-instance" xmlns:doc="http://www.lyncode.com/xoai" xsi:schemaLocation="http://www.loc.gov/MARC21/slim http://www.loc.gov/standards/marcxml/schema/MARC21slim.xsd">
   <leader>00925njm 22002777a 4500</leader>
   <datafield ind2=" " ind1=" " tag="042">
      <subfield code="a">dc</subfield>
   </datafield>
   <datafield ind2=" " ind1=" " tag="720">
      <subfield code="a">Galofré Gras, Jaume</subfield>
      <subfield code="e">author</subfield>
   </datafield>
   <datafield ind2=" " ind1=" " tag="260">
      <subfield code="c">2015-05-05</subfield>
   </datafield>
   <datafield ind2=" " ind1=" " tag="520">
      <subfield code="a">Aquest projecte defineix uns criteris d'optimització energètica per qualsevol&#xd;
vivenda unifamiliar. Començarà per explicar els diferents tipus d'energia&#xd;
renovable i la situació energètica a nivell mundial i estatal. En un context de crisi&#xd;
econòmica global, però sobretot a casa nostra, cada cop són més els particulars&#xd;
que es miren amb lupa l'eficiència energètica de la seva vivenda per tal&#xd;
d'estalviar el màxim d'energia i el seu cost.&#xd;
Es centrarà en, a partir de la definició d'un seguit de criteris, trobar un&#xd;
procediment que permeti estudiar tots els factors que afecten l'eficiència&#xd;
energètica de la vivenda.&#xd;
Finalment un cop es tinguin els criteris d'eficiència energètica definits, s'explicarà&#xd;
com fer una instal·lació solar fotovoltaica. Prèviament s'hauran detallat els&#xd;
aspectes a tindre en compte per aquest dimensionament solar fotovoltaic. Per&#xd;
acabar el treball s'aplicarà l'estudi a un cas real, on s'analitzarà una vivenda&#xd;
unifamiliar i es farà la instal·lació solar fotovoltaica.</subfield>
   </datafield>
   <datafield tag="653" ind2=" " ind1=" ">
      <subfield code="a">Àrees temàtiques de la UPC::Energies</subfield>
   </datafield>
   <datafield tag="653" ind2=" " ind1=" ">
      <subfield code="a">Energy consumption</subfield>
   </datafield>
   <datafield tag="653" ind2=" " ind1=" ">
      <subfield code="a">Energia -- Aprofitament</subfield>
   </datafield>
   <datafield tag="653" ind2=" " ind1=" ">
      <subfield code="a">Habitatges</subfield>
   </datafield>
   <datafield ind2="0" ind1="0" tag="245">
      <subfield code="a">Implementació de criteris d'optimització energètica en vivenda unifamiliar contemplant l'ús d'energia solar</subfield>
   </datafield>
</record></metadata></record></GetRecord></OAI-PMH>